000 00441nam a2200169Ia 4500
003 LK-CoDNM
008 010623t2009 xxu||||| |||| 00| 1 sin d
040 _aLK-CoDNM
_dLK-CoDNM
_eLK-CoDNM
041 _asin
080 _a133.52 WIL
100 _aWilliam,R.H.
245 _aපෙරොන්දම් බලන හැටි
246 _aPorondam Balana hati
260 _bGunasena
_aColombo
_c2009
300 _b89, 21 cm
942 _cBK
999 _c128878
_d128878